| 000 | 00399nam a22001697a 4500 | ||
|---|---|---|---|
| 005 | 20180417112045.0 | ||
| 008 | 160517b xxu||||| |||| 00| 0 eng d | ||
| 020 | _a978-81-7446-561-0 | ||
| 041 | _aeng | ||
| 082 |
_b2650 _a346.07 |
||
| 100 |
_aGulshan S.S. _9536 |
||
| 245 | _aMercentile Law | ||
| 260 |
_aNew Delhi _bExcel Books, _c2001 |
||
| 300 | _a844 | ||
| 650 |
_aManagement _9241 |
||
| 942 | _cBK | ||
| 999 |
_c965 _d965 |
||